[Event "FIN-chT2 Gp4"]
[Site "Finland"]
[Date "2023.04.02"]
[Round "5.4"]
[White "Puroila, Sippo"]
[Black "Malmberg, Dan"]
[Result "0-1"]
[WhiteElo "1749"]
[BlackElo "1668"]
[PlyCount "76"]
[EventDate "2022.09.24"]
[EventType "team-tourn"]
[EventRounds "5"]
[EventCountry "FIN"]
[SourceTitle "EXT 2025"]
[Source "ChessBase"]
[SourceDate "2024.10.14"]
[SourceVersion "1"]
[SourceVersionDate "2024.10.14"]
[SourceQuality "1"]
[WhiteTeam "Helsinki X"]
[BlackTeam "Helsinki MeRa"]
[WhiteTeamCountry "FIN"]
[BlackTeamCountry "FIN"]

1. c4 Nf6 2. Nc3 d6 3. g3 c6 4. e4 e5 5. Bg2 Qc7 6. d3 Be7 7. Nge2 a5 8. h3 h6 9. Be3 Nbd7 10. Qd2 a4 11. 0-0 Qa5 12. b3 b5 13. f4 a3 14. b4 Qa6 15. cxb5 cxb5 16. d4 Rb8 17. Rab1 Nb6 18. Qd3 Nc4 19. Bc1 Qb6 20. Kh2 Bd7 21. Rb3 Ra8 22. Nb1 0-0 23. d5 Nh7 24. f5 Bg5 25. h4 Bxc1 26. Nxc1 Nf6 27. Bf3 Rfe8 28. Nxa3 Qa6 29. Nb1 Bxf5 30. Qe2 Bd7 31. Nd2 Rec8 32. Qd1 Qb6 33. Qe2 Rc7 34. Rb1 Rac8 35. Ndb3 Ne3 36. Rf2 Nfg4+ 37. Bxg4 Nxg4+ 38. Kg1 Rc2 0-1

[Event "FIN-chT2 Gp4"]
[Site "Finland"]
[Date "2022.09.24"]
[Round "1.5"]
[White "Malmberg, Dan"]
[Black "Velagapudi, Vihan"]
[Result "1-0"]
[WhiteElo "1668"]
[BlackElo "1713"]
[PlyCount "71"]
[EventDate "2022.09.24"]
[EventType "team-tourn"]
[EventRounds "5"]
[EventCountry "FIN"]
[SourceTitle "EXT 2025"]
[Source "ChessBase"]
[SourceDate "2024.10.14"]
[SourceVersion "1"]
[SourceVersionDate "2024.10.14"]
[SourceQuality "1"]
[WhiteTeam "Helsinki MeRa"]
[BlackTeam "Espoo MatSK III"]
[WhiteTeamCountry "FIN"]
[BlackTeamCountry "FIN"]

1. d4 d5 2. Bf4 c5 3. e3 cxd4 4. exd4 Nc6 5. Nc3 Nf6 6. Nb5 Qa5+ 7. c3 e5 8. dxe5 a6 9. exf6 axb5 10. Qxd5 Be6 11. Qxb5 Qxb5 12. Bxb5 gxf6 13. Nf3 Rxa2 14. Rxa2 Bxa2 15. 0-0 Bc5 16. Ra1 0-0 17. Rxa2 Rd8 18. Ra1 Ne7 19. b4 Bb6 20. Bc4 Rc8 21. Nd2 Ng6 22. Bh6 Ne5 23. h3 Bd8 24. Re1 Be7 25. f4 Ng6 26. Re3 Bf8 27. Bxf8 Kxf8 28. g3 Rd8 29. Nb3 Rd1+ 30. Kf2 Rd6 31. h4 Ne7 32. Nd4 Nc6 33. Nf5 Rd7 34. Bb5 Rc7 35. h5 Rd7 36. Bxc6 1-0